| 000 | 00675nam a22002057a 4500 | ||
|---|---|---|---|
| 005 | 20250327142949.0 | ||
| 010 | _aENG-144303 | ||
| 020 |
_c1500.00 _a9788193136201 |
||
| 035 | _aEN-127835 | ||
| 037 | _bDBAD | ||
| 082 | _a616.029 | ||
| 100 |
_aHavel Smruti _979974 |
||
| 245 |
_aINTEGRATED HANDBOOK OF FAMILY MEDICINE _cSmruti Haval _hEnglish |
||
| 260 |
_aBelgaum _bSukarmayogi Publishers _c2015 |
||
| 270 |
_bKarnataka _aRukmani Hospital, Maddi Galli, Sankeshwar, Belagum, Karnataka _e591313 |
||
| 300 |
_a223(p) _c218cm(pb) |
||
| 490 | _vVolume -1 | ||
| 700 |
_aSmruti Mandar {And} Smruti Subhash Nikumbh _979968 |
||
| 942 |
_2ddc _cEN _h616.029 _mSMR |
||
| 999 |
_c210546 _d210546 |
||